|
|
|
|
| LEADER |
02868nam a2200493 4500 |
| 001 |
978-3-319-90860-1 |
| 003 |
DE-He213 |
| 005 |
20191028141201.0 |
| 007 |
cr nn 008mamaa |
| 008 |
180522s2018 gw | s |||| 0|eng d |
| 020 |
|
|
|a 9783319908601
|9 978-3-319-90860-1
|
| 024 |
7 |
|
|a 10.1007/978-3-319-90860-1
|2 doi
|
| 040 |
|
|
|d GrThAP
|
| 050 |
|
4 |
|a HM401-1281
|
| 072 |
|
7 |
|a JFSJ
|2 bicssc
|
| 072 |
|
7 |
|a SOC032000
|2 bisacsh
|
| 072 |
|
7 |
|a JBSF
|2 thema
|
| 082 |
0 |
4 |
|a 305.3
|2 23
|
| 100 |
1 |
|
|a Elveren, Adem Yavuz.
|e author.
|4 aut
|4 http://id.loc.gov/vocabulary/relators/aut
|
| 245 |
1 |
0 |
|a Brain Drain and Gender Inequality in Turkey
|h [electronic resource] /
|c by Adem Yavuz Elveren.
|
| 250 |
|
|
|a 1st ed. 2018.
|
| 264 |
|
1 |
|a Cham :
|b Springer International Publishing :
|b Imprint: Palgrave Pivot,
|c 2018.
|
| 300 |
|
|
|a XVII, 171 p. 54 illus., 27 illus. in color.
|b online resource.
|
| 336 |
|
|
|a text
|b txt
|2 rdacontent
|
| 337 |
|
|
|a computer
|b c
|2 rdamedia
|
| 338 |
|
|
|a online resource
|b cr
|2 rdacarrier
|
| 347 |
|
|
|a text file
|b PDF
|2 rda
|
| 505 |
0 |
|
|a 1. 1. Introduction -- 2. Brain Drain: Causes and Consequences -- 3. Brain Drain in Turkey: A Literature Survey -- 4. A Brain Drain Survey -- 5. The Transformation of Regime and Gender Inequality in Turkey -- 6. Conclusion and Policy Recommendations. .
|
| 520 |
|
|
|a This book provides a comprehensive analysis of the brain drain from Turkey, with particular focus on its gender dimension. The author presents a review of brain drain literature, as well as analyzing the brain drain from Turkey using original survey data. Presenting an account of state changes in Turkey, and using a range of empirical methods, the book argues that women have a higher tendency not to return to the country due to increasing gender inequality, borne out of a shift towards a more authoritarian regime over the last decade. Brain Drain and Gender Inequality in Turkey will be of interest to students and scholars across a range of disciplines, including migration studies, social policy, and gender studies.
|
| 650 |
|
0 |
|a Sociology.
|
| 650 |
|
0 |
|a Emigration and immigration.
|
| 650 |
|
0 |
|a Social structure.
|
| 650 |
|
0 |
|a Social inequality.
|
| 650 |
1 |
4 |
|a Gender Studies.
|0 http://scigraph.springernature.com/things/product-market-codes/X35000
|
| 650 |
2 |
4 |
|a Migration.
|0 http://scigraph.springernature.com/things/product-market-codes/X24000
|
| 650 |
2 |
4 |
|a Social Structure, Social Inequality.
|0 http://scigraph.springernature.com/things/product-market-codes/X22010
|
| 710 |
2 |
|
|a SpringerLink (Online service)
|
| 773 |
0 |
|
|t Springer eBooks
|
| 776 |
0 |
8 |
|i Printed edition:
|z 9783319908595
|
| 776 |
0 |
8 |
|i Printed edition:
|z 9783319908618
|
| 776 |
0 |
8 |
|i Printed edition:
|z 9783030081188
|
| 856 |
4 |
0 |
|u https://doi.org/10.1007/978-3-319-90860-1
|z Full Text via HEAL-Link
|
| 912 |
|
|
|a ZDB-2-SLS
|
| 950 |
|
|
|a Social Sciences (Springer-41176)
|